Antikomunistické tendencie slovenského luteranizmu

Bibliographic Details
Main Author: Gluchman, Vasil, 1959- (Author)
Format: Article
Language:Slovak
Subjects:

MARC

LEADER 00000nab a2200000 a 4500
001 vtls000222456
003 SK-MaSNL
005 20260304061155.0
008 250422c1985 xo 0 slo
015 |a SNBRB19rr/mm-uuuuu 
035 |a CL0232570 
035 |a urn:nbn:sk:snk-ab2jvj 
035 |a (urnnbn)urn:nbn:sk:snk:ar-a02in6 
035 |a (uuid)6acafe3b-5acc-4dc7-a366-8f99f242a92b 
040 |a SNKBUCL  |b slo  |c SNKBUCL  |e AACR2 
041 0 |a slo 
044 |a xo  |c SK 
080 |a 301.152.4(100-15):329.15:2:284  |2 1981 
080 |a 329.15  |2 1981 
080 |a 2  |2 1981 
080 |a 284  |2 1981 
080 |a 284.1  |2 1981 
100 1 |a Gluchman, Vasil,  |d 1959-  |4 aut  |9 205476 
245 1 0 |a Antikomunistické tendencie slovenského luteranizmu  |c Vasil Gluchman 
546 |a Res. rus., nem., lit. 33 zázn. v slov., ruš. 
650 0 7 |a klerikálny antikomunizmus  |2 SNKPH  |9 719423 
650 0 7 |a protestantizmus  |2 SNKPH  |9 4018 
655 7 |a články z novín a časopisov  |2 SNK  |9 267496 
773 0 |t Ateizmus  |g Roč. 13, č. 2 (1985), s. 176-188 
850 |a Slovenská národná knižnica 
852 |a Slovenská národná knižnica 
954 |a odborná, vedecká literatúra pôvodná (slovenská)  |2 lita 
958 |a article2022 
958 |a NB 
958 |a RK 
958 |a OND 
958 |a EUIPO 
992 |a RBX 
999 |c 2731733  |d 2733663